Management : principles, processes and practices

Сохранить в:
Библиографические подробности
Главный автор: Bhat Anil
Другие авторы: Kumar Arya
Формат:
Опубликовано: New Delhi: Oxford University press, 2008
Предметы:
Метки: Добавить метку
Нет меток, Требуется 1-ая метка записи!

MARC

LEADER 00000nam a2200000 4500
020 |a 9780195694451  |c TZS 18,000/= 
040 |a MUL  |b eng.  |e AACR 
082 |a 658 BHA 
100 |a Bhat Anil.  
245 |a Management :  |b principles, processes and practices  |c / Anil Bhat, Arya Kumar 
260 |a New Delhi:  |b Oxford University press,   |c 2008 
300 |a xiv, 590 p. :  |b  ill. ;  |c 25 cm. 
504 |a Includes index. 
546 |a eng. 
650 |a Management 
700 |a Kumar Arya 
942 |c BK 
999 |c 10152  |d 10152